000 01641nam a2200301 i 4500
001 000046116
003 DO-SdBNP
005 20240308073620.0
007 ta
008 110210s 1991 dr a 000 j spa d
040 _aDO-SdBNP
_bspa
_cBNPHU
_erda
082 _aBNPHU H863.4408
_bC965L
_222
245 0 0 _aCuentos latinoamericanos. /
_cpresentación Avelino Stanley.
264 _aSanto Domingo :
_bSusaeta,
_c1991.
300 _a159 paginas :
_bilustraciones ;
_c22 cm.
336 _2rdacontent
_atexto
_btxt
337 _2rdamedia
_asin mediación
_bn
338 _2rdacarrier
_avolumen
_bnc
505 0 _tPresentación --
_tLa gallina degollada /
_rHoracio Quiroga --
_tLos amos /
_rJuan Bosch --
_tEl encuentro /
_rJorge Luis Borges --
_tLas novias del mendigo /
_rRómulo Gallegos --
_tEl hombre honrado /
_rMonteiro Lobato --
_tLa leyenda del yunque /
_rJuan B. Huyke --
_tLos fugitivos /
_rAlejo Carpentier --
_tEl sueño del pongo /
_rJosé María Arguedes --
_tCalixto /
_rCiro Alegría --
_tEs que somos pobres /
_rJuan Rulfo --
_tContinuidad de los parques /
_rJulio Cortázar --
_tPrimera dama /
_rAugusto Monterroso --
_tEl ahogado más hermoso del mundo /
_rGabriel García Márquez --
_tJuegos nocturnos /
_rAugusto Roa Bastos --
_tPesadilla /
_rVirgilio Díaz Grullón --
590 _aPerteneció a la biblioteca personal de Chiqui Vicioso/Fidelio Despradel
590 _aInventariado, 2018/ YL
650 1 4 _aCuentos latinoamericanos
_xColecciones
_98654
650 1 4 _aLiteratura latinoamericana
_94717
700 1 _aStanley, Avelino,
_d1959-
_epresentación
_91536
700 1 _aMartínez, Julio César
_eil.
_91263
910 _aYL
942 _2ddc
_cLBS1
999 _c45605
_d45605